000 00765pam a2200253 a 4500
001 4786453
003 OSt
005 20230607132618.0
008 870622s1987 onc b 001 0 eng
010 _a 87018662
020 _a0553052268
040 _aDLC
_cDLC
_dDLC
082 0 0 _a658.406
_bWAT
100 1 _aWaterman, Robert H.
245 1 4 _aThe renewal factor :
_bhow the best get and keep the competitive edge /
_cRobert H. Waterman, Jr.
260 _aToronto ;
_aNew York :
_bBantam Books,
_c1987.
300 _axiv, 338 p. ;
_c24 cm.
500 _aIncludes index.
504 _aBibliography: p. [319]-326.
650 0 _aOrganizational change.
650 0 _aIndustrial management.
906 _a7
_bcbc
_corignew
_d1
_eocip
_f19
_gy-gencatlg
942 _2ddc
_cBK
999 _c809
_d809